| 000 | 00348nam a2200133Ia 4500 | ||
|---|---|---|---|
| 008 | 220217s9999||||xx |||||||||||||| ||und|| | ||
| 020 | _a81-265-1139-7 | ||
| 082 | _a004.67 SHA | ||
| 100 |
_aShanahan, Francis _96695 |
||
| 245 | 0 | _aAmazon.com mashups | |
| 260 |
_aWiley india _bNew Delhi _c2010 |
||
| 300 |
_aXXVI, 379p. _b449 |
||
| 650 | _aWWW | ||
| 999 |
_c179442 _d179442 |
||